| 000 | 00371nam a22001577a 4500 | ||
|---|---|---|---|
| 003 | SGT | ||
| 020 | _a978-81-312-2806-7 | ||
| 082 |
_a616.01 _bM12N |
||
| 100 | _aNAGOBA, BS, | ||
| 245 | _aMEDICAL MICROBIOLOGY PREP MANUAL FOR UNDERGRADUATE | ||
| 250 | _a2ND | ||
| 260 |
_aINDIA _bELSEVIER PUB _c2012 |
||
| 300 | _a716 | ||
| 650 | _aMICROBIOLOGY | ||
| 942 |
_2ddc _cBK _01 |
||
| 999 |
_c20149 _d20149 |
||